000 00369pab a2200145 454500
008 180718b1989 xxu||||| |||| 00| 0 eng d
100 _aBoffey, T.B.
245 _aLocation problems arising in computer networks
260 _c1989
300 _a347-54
362 _aApr.
650 _aComputers
773 _aJournal of the Operational Research Society
909 _a6298
999 _c6298
_d6298